Statistics for Countries that have most LGBTQ+

Click here to take the quiz!

General Stats

  • This quiz has been taken 118 times
  • The average score is 9 of 15

Answer Stats

HintAnswer% Correct
13%United States
94%
15%United kingdom
76%
13%Canada
74%
11%Germany
74%
13%France
73%
16%Australia
65%
12%Netherlands
64%
16%Belgium
62%
12%Sweden
60%
16%Brazil
57%
11%Mexico
49%
17%India
36%
11%China
35%
13%Chile
28%
12%Malaysia
7%

Score Distribution

Percentile by Number Answered

Percent of People with Each Score

Your Score History

You have not taken this quiz